Guía para la evaluación de políticas públicas. (Registro nro. 1350)
[ vista simple ]
| 000 -CABECERA | |
|---|---|
| campo de control de longitud fija | 00546nam a22002177a 4500 |
| 001 - NÚMERO DE CONTROL | |
| campo de control | T027600000165 |
| 008 - DATOS DE LONGITUD FIJA--INFORMACIÓN GENERAL | |
| campo de control de longitud fija | 181111b xve|||||r|||| 00| | esp d |
| 020 ## - NÚMERO INTERNACIONAL ESTÁNDAR DEL LIBRO | |
| Número Internacional Estándar del Libro | S/ISBN |
| 099 ## - SIGNATURA TOPOGRÁFICA LOCAL | |
| Número de clasificación | 350 |
| Cutter | O859 |
| 100 ## - ENTRADA PRINCIPAL--NOMBRE DE PERSONA | |
| Nombre de persona | Osuna, José Luis |
| 245 ## - MENCIÓN DE TÍTULO | |
| Título | Guía para la evaluación de políticas públicas. |
| 260 ## - PUBLICACIÓN, DISTRIBUCIÓN, ETC. (PIE DE IMPRENTA) | |
| Lugar de publicación, distribución, etc. | S/F |
| 300 ## - DESCRIPCIÓN FÍSICA | |
| Extensión | 167 |
| 500 ## - NOTA GENERAL | |
| Nota general | |
| 650 ## - PUNTO DE ACCESO ADICIONAL DE MATERIA--TÉRMINO DE MATERIA | |
| Término de materia o nombre geográfico como elemento inicial | Evaluación de políticas públicas. |
| 650 ## - PUNTO DE ACCESO ADICIONAL DE MATERIA--TÉRMINO DE MATERIA | |
| Término de materia o nombre geográfico como elemento inicial | Conceptual o de diseño. |
| 650 ## - PUNTO DE ACCESO ADICIONAL DE MATERIA--TÉRMINO DE MATERIA | |
| Término de materia o nombre geográfico como elemento inicial | Gestión. |
| 650 ## - PUNTO DE ACCESO ADICIONAL DE MATERIA--TÉRMINO DE MATERIA | |
| Término de materia o nombre geográfico como elemento inicial | Seguimiento. |
| 700 ## - PUNTO DE ACCESO ADICIONAL--NOMBRE DE PERSONA | |
| Nombre de persona | Márquez, Carolina. |
| Término indicativo de función/relación | |
| 942 ## - ELEMENTOS DE PUNTO DE ACCESO ADICIONAL (KOHA) | |
| Tipo de ítem Koha | Libro |
| Estado de retiro | Estado de pérdida | Estado dañado | No para préstamo | Localización permanente | Ubicación/localización actual | Fecha de adquisición | Total de préstamos | Signatura topográfica completa | Código de barras | Fecha visto por última vez | Precio válido a partir de | Tipo de ítem Koha |
|---|---|---|---|---|---|---|---|---|---|---|---|---|
| Oscar Varsavsky | Oscar Varsavsky | 13.11.2018 | 350 O859 | T027600000157 | 13.11.2018 | 13.11.2018 | Libro |